The biology and population dynamics of yellow banded trevally, selaroides leptolepis, and yellowtail scad, atude mate, in terengganu waters, peninsular Malaysia
Na minha lista:
| Autor principal: | |
|---|---|
| Formato: | Livro |
| Idioma: | Undetermined |
| Publicado em: |
Malaysia
University Putra Malaysia
2000
|
| Assuntos: | |
| Tags: |
Adicionar Tag
Sem tags, seja o primeiro a adicionar uma tag!
|
| Thư viện lưu trữ: | Trung tâm Học liệu Trường Đại học Cần Thơ |
|---|
| LEADER | 00611nam a2200181Ia 4500 | ||
|---|---|---|---|
| 001 | CTU_161207 | ||
| 008 | 210402s9999 xx 000 0 und d | ||
| 082 | |a 571.7 | ||
| 082 | |b D312 | ||
| 100 | |a Tran, Dac Dinh | ||
| 245 | 4 | |a The biology and population dynamics of yellow banded trevally, selaroides leptolepis, and yellowtail scad, atude mate, in terengganu waters, peninsular Malaysia | |
| 245 | 0 | |c Tran Dac Dinh | |
| 260 | |a Malaysia | ||
| 260 | |b University Putra Malaysia | ||
| 260 | |c 2000 | ||
| 650 | |a Physiology,Biology | ||
| 904 | |i Giang | ||
| 980 | |a Trung tâm Học liệu Trường Đại học Cần Thơ | ||